000 00329nam a22001337a 4500
003 OSt
005 20240119110241.0
008 240119b |||||||| |||| 00| 0 eng d
040 _c
082 _2IST
_a371.2/NAR/GAN
245 _aBASIC SCIENCE
_bCHEMISTRY
_hENGLISH
260 _aPUNE
_bNIRALI PRAKASHAN
_c2024
942 _2ddc
_cBK
_n0
999 _c36035
_d36035